Gandhi : bahana kesetiaan teruji
| Format: | Book |
|---|---|
| Published: |
Kuala Lumpur :
Penerbitan Pustaka Antara ,
1984
|
| Subjects: |
MARC
| LEADER | 00000cam a2200000 7i4500 | ||
|---|---|---|---|
| 001 | 0000028425 | ||
| 002 | 000030683 | ||
| 005 | 20091019.0 | ||
| 020 | |a T000002463 | ||
| 090 | 0 | 0 | |a 920 |b GAN |
| 245 | 0 | 0 | |a Gandhi : |b bahana kesetiaan teruji |c alih bahasa Prof.Dr.G.Soosai |
| 260 | |a Kuala Lumpur : |b Penerbitan Pustaka Antara , |c 1984 | ||
| 300 | |a 667p. ; |c 21cm. | ||
| 600 | 1 | 0 | |a Gandhi, Mahatma , |d 1869-1948 |
| 650 | 0 | 0 | |a Statesmen |z India |x Biography |
| 651 | 0 | |a India |x Politics and government |y 1919-1947 | |
| 999 | |a 018141 |b BUKU |c PINJAMAN |e PERPUSTAKAAN KOMUNITI PETALING JAYA | ||